00381nam a2200157Ia 4500008004100000082001000041100001300051245002700064250000600091260003900097300000700136600001300143630002700156700001300183730002700196090124s9999 xx 000 0 und d b20073 aPADMANJI aLIFE OF BABA PADMANJI  a0 bENGLISH PUBLICATION INDIAN READERS a97 aPADMANJI aLIFE OF BABA PADMANJI  aPADMANJI aLIFE OF BABA PADMANJI